| 000 | 02153cam a22002174a 4500 | ||
|---|---|---|---|
| 005 | 20250605163942.0 | ||
| 008 | 250528s ||||||||||||||||||||||||d | ||
| 035 | _a15088 | ||
| 020 | _a829901221 | ||
| 040 |
_aGR-AtMCL _bgre _dGR-AtMCL _eAACR2 |
||
| 245 | 1 | _aCost Accounting / Accumulation,Analysis and Control | |
| 260 |
_bWest Publishing Company, _c1977 |
||
| 300 | _a644 | ||
| 505 | 0 | _aHistorical Cost Accumulation, Objectives and Philosophy of Cost Accounting, Accumulating Manufacturing Costs, Systems Considerations and Subsidiary Records, Selected Topics in Manufacturing Accounting, Process Cost Accounting, Process Cost Accounting: Normal Spoilage - Joint and By-Product Costs, Cost Analysis for Managerial Planning and Control, Standard Cost Accounting, Standard Costing with Departmental Overhed Rates, Comprehensive Budgeting, Responsibility Accounting, Gross Profit Analysis; Cost-Profit-Volume Analysis, Planning Capital Expenditures, Applications of Decision Analysis to Management Accounting, Estmating Cost Relationships, Statistical Cost Analysis and Control, Inventory Models; Matrix Algebra, Accounting Applications of Linear Programming, Glossary of Terms, Appendix, Index. | |
| 520 | _aHistorical Cost Accumulation, Objectives and Philosophy of Cost Accounting, Accumulating Manufacturing Costs, Systems Considerations and Subsidiary Records, Selected Topics in Manufacturing Accounting, Process Cost Accounting, Process Cost Accounting: Normal Spoilage - Joint and By-Product Costs, Cost Analysis for Managerial Planning and Control, Standard Cost Accounting, Standard Costing with Departmental Overhed Rates, Comprehensive Budgeting, Responsibility Accounting, Gross Profit Analysis; Cost-Profit-Volume Analysis, Planning Capital Expenditures, Applications of Decision Analysis to Management Accounting, Estmating Cost Relationships, Statistical Cost Analysis and Control, Inventory Models; Matrix Algebra, Accounting Applications of Linear Programming, Glossary of Terms, Appendix, Index. | ||
| 700 | 1 |
_aCopeland R. Benny _9932 |
|
| 700 | 1 |
_aSullivan G. Nelson _9933 |
|
| 942 | _cBK | ||
| 999 |
_c687 _d687 |
||